Catálogo

ADMINISTRACION DE CENTROS DE COMPUTO (Registro nro. 6985)

Detalles MARC
000 -LEADER
fixed length control field 00472nam a2200169 a 4500
001 - CONTROL NUMBER
control field 6985
005 - DATE AND TIME OF LATEST TRANSACTION
control field 20180713190851.0
008 - FIXED-LENGTH DATA ELEMENTS--GENERAL INFORMATION
fixed length control field 140415s1991 mx 000 0 spa d
041 ## - LANGUAGE CODE
Language code of text/sound track or separate title spa
082 ## - DEWEY DECIMAL CLASSIFICATION NUMBER
Classification number 003
Item number HER
100 1# - MAIN ENTRY--PERSONAL NAME
Personal name HERNANDEZ JIMENEZ, RICARDO
245 10 - TITLE STATEMENT
Title ADMINISTRACION DE CENTROS DE COMPUTO
250 ## - EDITION STATEMENT
Edition statement 3a ed.
260 ## - PUBLICATION, DISTRIBUTION, ETC.
Place of publication, distribution, etc. MEXICO :
Name of publisher, distributor, etc. TRILLAS,
Date of publication, distribution, etc. 1991
300 ## - PHYSICAL DESCRIPTION
Extent 267
650 14 - SUBJECT ADDED ENTRY--TOPICAL TERM
Topical term or geographic name entry element SISTEMAS DE ALMACENAMIENTO Y RECUPERACION DE INFORMACION
Existencias
Withdrawn status Lost status Source of classification or shelving scheme Damaged status Not for loan Collection code Home library Current library Shelving location Date acquired Source of acquisition Inventory number Total Checkouts Full call number Barcode Date last seen Date last checked out Price effective from Koha item type
    Dewey Decimal Classification     General Biblioteca Karol Wojtyla Biblioteca Karol Wojtyla Sala general 03/12/2013 Compra 151000000000000000065282   '003 HER 19774 05/01/2026 07/10/2014 03/12/2013 Libro
    Dewey Decimal Classification     General Biblioteca Karol Wojtyla Biblioteca Karol Wojtyla Sala general 03/12/2013 Compra 151000000000000000065281   '003 HER 19656 05/01/2026   03/12/2013 Libro
    Dewey Decimal Classification     General Biblioteca Karol Wojtyla Biblioteca Karol Wojtyla Sala general 03/12/2013 Compra 151000000000000000065283   '003 HER 27787 05/01/2026   03/12/2013 Libro